Obscure Knowledge - US States Quiz Stats

 Plays Quiz Updated Feb 19, 2018

Score 0/50 Timer 02:00
75 Plays Today
Percent Guessed State % Correct
97.4%???
100%
97.3%???
98.9%
96.6%???
98.6%
96.4% ???
98.1%
96.3%???
97.6%
93.6%???
97.5%
93.5%???
96%
93.4%???
94.2%
92.6%???
92.4%
92.5%???
91.4%
92.4%???
90.8%
92.3%???
90.7%
92.2%???
90.4%
91.3%???
88.9%
90.0%???
86.8%
89.3%???
86.1%
89.2%???
85.9%
89.1% ???
85.5%
89.0%???
85.2%
88.9% ???
84.7%
88.8%???
83.8%
88.7%???
79.7%
88.1%???
79.2%
87.8%???
78.8%
87.7%???
78%
Percent Guessed State % Correct
87.6% ???
76.6%
86.6%???
76.4%
86.5%???
74%
86.4%???
68.5%
86.2%???
68.1%
86.1% ???
67.7%
85.7%???
64.7%
85.8%???
64.3%
85.6%???
63.1%
85.4%???
62.3%
84.6%???
62%
83.3%???
58.9%
82.6%???
55.5%
82.2%???
48.9%
82.1%???
48%
81.5%???
43%
81.4%???
39.4%
81.2%???
38.1%
80.6%???
30.4%
80.5% ???
28.1%
80.3%???
25.9%
80.1%???
21.8%
78.9%???
20%
78.8% ???
14.1%
77.9%???
9.1%

You're not logged in!

Compare scores with friends on all Sporcle quizzes.
OR
Log In

You Might Also Like...

Show Comments

Extras

Top Quizzes Today


Score Distribution

Your Account Isn't Verified!

In order to create a playlist on Sporcle, you need to verify the email address you used during registration. Go to your Sporcle Settings to finish the process.

Report this User

Report this user for behavior that violates our Community Guidelines.

Details: